Las cartas de Valera (Record no. 623166)
[ view plain ]
| 000 -CABECERA | |
|---|---|
| Campo de control de longitud fija | 00446nab a2200145Ia 4500 |
| 003 - IDENTIFICADOR DEL NÚMERO DE CONTROL | |
| Campo de control | ES-SlBCS |
| 005 - FECHA Y HORA DE LA ÚLTIMA TRANSACCIÓN | |
| Campo de control | 20210601135119.0 |
| 008 - CÓDIGOS DE INFORMACIÓN DE LONGITUD FIJA | |
| Campo de control de longitud fija | 140529s1986 xxu||||| |||| 00| 0 spa d |
| 041 ## - CÓDIGO DE LENGUA | |
| Código de lengua del texto/banda sonora o título independiente | spa |
| 100 1# - PUNTO DE ACCESO PRINCIPAL-NOMBRE DE PERSONA | |
| Nombre de persona | Bermejo Marcos, Manuel |
| 9 (RLIN) | 24244 |
| 245 00 - MENCIÓN DE TÍTULO | |
| Título | Las cartas de Valera |
| Mención de responsabilidad, etc. | Manuel Bermejo Marcos |
| 651 #4 - PUNTO DE ACCESO ADICIONAL DE MATERIA-NOMBRE GEOGRÁFICO | |
| Nombre geográfico | Valera |
| 9 (RLIN) | 188542 |
| 773 0# - ENLACE AL DOCUMENTO FUENTE | |
| Título | Boletin de la Biblioteca Menendez Pelayo |
| Parte(s) relacionada(s) | vol. 62, nº. 1-2-3-4, 1986, págs. 137-162 |
| Número de control del registro relacionado | Rev88 |
| 942 ## - ENTRADA DE ELEMENTOS AGREGADOS (KOHA) | |
| Koha [por defecto] tipo de item | Artículos de revista |
| Suprimido | Perdido | Estropeado | No para préstamo | Localización permanente | Localización actual | Localización en estantería | Fecha adquisición | Préstamos totales | Fecha última consulta | Fecha del precio de reemplazo | Tipo de item de Koha |
|---|---|---|---|---|---|---|---|---|---|---|---|
| San Esteban | San Esteban | Depósito de revistas | 11/07/2014 | 11/07/2014 | 11/07/2014 | Artículos de revista |
